Endogenous Growth, Downward Wage Rigidities and Optimal Inflation /

Standard New Keynesian (NK) models feature an optimal inflation target well below two percent, limited welfare losses from business cycle fluctuations and long-term monetary neutrality. We develop a NK framework with labour market frictions, endogenous productivity and downward wage rigidity (DWR) w...

תיאור מלא

מידע ביבליוגרפי
מחבר ראשי: Abbritti, Mirko
מחברים אחרים: Consolo, Agostino, Weber, Sebastian
פורמט: כתב-עת
שפה:English
יצא לאור: Washington, D.C. : International Monetary Fund, 2021.
סדרה:IMF Working Papers; Working Paper ; No. 2021/208
נושאים:
גישה מקוונת:Full text available on IMF
LEADER 02547cas a2200325 a 4500
001 AALejournalIMF022360
008 230101c9999 xx r poo 0 0eng d
020 |c 5.00 USD 
020 |z 9781513583983 
022 |a 1018-5941 
040 |a BD-DhAAL  |c BD-DhAAL 
100 1 |a Abbritti, Mirko. 
245 1 0 |a Endogenous Growth, Downward Wage Rigidities and Optimal Inflation /  |c Mirko Abbritti, Agostino Consolo, Sebastian Weber. 
264 1 |a Washington, D.C. :  |b International Monetary Fund,  |c 2021. 
300 |a 1 online resource (49 pages) 
490 1 |a IMF Working Papers 
500 |a <strong>Off-Campus Access:</strong> No User ID or Password Required 
500 |a <strong>On-Campus Access:</strong> No User ID or Password Required 
506 |a Electronic access restricted to authorized BRAC University faculty, staff and students 
520 3 |a Standard New Keynesian (NK) models feature an optimal inflation target well below two percent, limited welfare losses from business cycle fluctuations and long-term monetary neutrality. We develop a NK framework with labour market frictions, endogenous productivity and downward wage rigidity (DWR) which challenges these results. The model features a non-vertical long-run Phillips curve between inflation and unemployment and a trade-off between price distortions and output hysteresis that change the welfare-maximizing inflation level. For a plausible set of parameters, the optimal inflation target is in excess of two percent, a target value commonly used across central banks. Deviations from the optimal target carry welfare costs multiple times higher than in traditional NK models. The main reason is that endogenous growth and DWR generate asymmetric and hysteresis effects on unemployment and output. Price level targeting or a Taylor-rule responding to the unemployment rate can handle better the asymmetric and hysteresis effects in our model and deliver significant welfare gains. Our results are robust to the inclusion of the effective lower bound on the monetary policy interest rate. 
538 |a Mode of access: Internet 
650 7 |a Aggregate Human Capital  |2 imf 
650 7 |a Employment  |2 imf 
650 7 |a Intergenerational Income Distribution  |2 imf 
650 7 |a Unemployment  |2 imf 
650 7 |a Wages  |2 imf 
700 1 |a Consolo, Agostino. 
700 1 |a Weber, Sebastian. 
830 0 |a IMF Working Papers; Working Paper ;  |v No. 2021/208 
856 4 0 |z Full text available on IMF  |u http://elibrary.imf.org/view/journals/001/2021/208/001.2021.issue-208-en.xml  |z IMF e-Library